000 00775nam a2200193Ia 4500
008 151121s9999||||xx |||||||||||||| ||und||
082 _a551।48/धाराशि
082 _bHNW-115480
100 _aधाराशिवकर मुकुंद
245 _aपाण्याच्या भारतीय परंपरा
260 _b"मनोविकास प्रकाशन, मुंबई।"
260 _c2013
300 _a182
600 _aधाराशिवकर मुकुंद
630 _aपाण्याच्या भारतीय परंपरा
700 _aधाराशिवकर मुकुंद
730 _aपाण्याच्या भारतीय परंपरा
942 _cBOOK
999 _c1264206
_d1264203